000 00754nam a2200265Ia 4500
003 OSt
005 20221005120622.0
006 a|||||r|||| 00| 0
007 ta
008 221004b |||||||| |||| 00| 0 eng d
024 _a48287
037 _cTextual
040 _aCRL
_cCRL
_beng
041 _2eng
_aeng
082 _a2, K1
100 _aFirsov G G Ed.
_9629408
245 0 _aEnglish reader for students in librarianship
_b With notes and glossary.
260 _c1961
300 _a218p
_ccm.
650 _aLIBRARY SCIENCE
700 _a Eidelman B Y Ed.
_9629409
700 _a Gudovshchikova I V Ed.
_9629410
942 _h2, K1
_cTEXL
_2cc
999 _c1038584
_d1038584